000 00252nam a2200109Ia 4500
005 20251222121412.0
008 251222s1900||||xx |||||||||||||| ||spa||
082 _aDVD0098/D94/2000
245 0 _aLos miserables
264 _bTriStar Pictures
942 _cDVD
999 _c2556
_d2556